Le travail social, formation à l'accompagnement (notice n° 1645199)
[ vue normale ]
| 000 -LEADER | |
|---|---|
| fixed length control field | 01450cam a2200193 4500500 |
| 005 - DATE AND TIME OF LATEST TRANSACTION | |
| control field | 20260208001756.0 |
| 041 ## - LANGUAGE CODE | |
| Language code of text/sound track or separate title | fre |
| 042 ## - AUTHENTICATION CODE | |
| Authentication code | dc |
| 100 10 - MAIN ENTRY--PERSONAL NAME | |
| Personal name | de Béchillon, Catherine |
| Relator term | author |
| 245 00 - TITLE STATEMENT | |
| Title | Le travail social, formation à l'accompagnement |
| 260 ## - PUBLICATION, DISTRIBUTION, ETC. | |
| Date of publication, distribution, etc. | 2009.<br/> |
| 500 ## - GENERAL NOTE | |
| General note | 100 |
| 520 ## - SUMMARY, ETC. | |
| Summary, etc. | RésuméDésigner par accompagnement certaines actions, peut-être même certaines méthodes de travail social, n’est-il pas donner l’illusion qu’il s’agit d’une façon de faire facile, ne justifiant aucun effort, ni surtout aucune formation, parce que dans la vie, chacun peut se sentir apte à faire œuvre d’accompagnement ? Un regard clinique sur ce que peut être un accompagnement, dans certaines situations, en comparaison avec un processus d’aide plus classique, permet de l’inclure dans les méthodes de travail social, mais avec ces conditions : qu’il s’effectue avec la même conscience du chemin qu’il faut choisir pour apporter l’aide, avec la même vigilance aux mots que l’on écoute et que l’on emploie, et la même exigence d’une formation solide et continue, pour qu’il soit un instrument professionnel efficace. |
| 690 ## - LOCAL SUBJECT ADDED ENTRY--TOPICAL TERM (OCLC, RLIN) | |
| Topical term or geographic name as entry element | capacité à être seul |
| 690 ## - LOCAL SUBJECT ADDED ENTRY--TOPICAL TERM (OCLC, RLIN) | |
| Topical term or geographic name as entry element | formation professionnelle |
| 690 ## - LOCAL SUBJECT ADDED ENTRY--TOPICAL TERM (OCLC, RLIN) | |
| Topical term or geographic name as entry element | travail social |
| 786 0# - DATA SOURCE ENTRY | |
| Note | Empan | 74 | 2 | 2009-08-11 | p. 107-112 | 1152-3336 |
| 856 41 - ELECTRONIC LOCATION AND ACCESS | |
| Uniform Resource Identifier | <a href="https://shs.cairn.info/revue-empan-2009-2-page-107?lang=fr&redirect-ssocas=7080">https://shs.cairn.info/revue-empan-2009-2-page-107?lang=fr&redirect-ssocas=7080</a> |
Pas d'exemplaire disponible.




Réseaux sociaux